书目信息 |
| 题名: |
杨式太极拳
|
|
| 作者: | 傅燑文 编著 | |
| 分册: | ||
| 出版信息: | 北京 人民体育出版社 1962.01 |
|
| 页数: | 126页 | |
| 开本: | 19cm | |
| 丛书名: | ||
| 单 册: | ||
| 中图分类: | G852.1 | |
| 科图分类: | ||
| 主题词: | 武术 , 民族形式体育 | |
| 电子资源: | ||
| ISBN: | ||
| 000 | 00587nam0 2200217 45 | |
| 001 | 0011280941 | |
| 005 | 20040506134629.7 | |
| 010 | @dCNY0.44 | |
| 091 | @a7015.1184 | |
| 100 | @a20001128d1962 km y0chiy0120 ea | |
| 101 | 0 | @achi |
| 105 | @aa z 000yy | |
| 200 | 1 | @a杨式太极拳@AYang Shi Tai Ji Quan@f傅燑文编著@FFu Tong Wen Bian Zhu |
| 210 | @a北京@c人民体育出版社@d1962.01 | |
| 215 | @a126页@c插图@d19cm | |
| 606 | 0 | @a武术 |
| 606 | 0 | @a民族形式体育 |
| 690 | @aG852.1@v1 | |
| 701 | 0 | @a傅燑文@4编著 |
| 801 | @aCN@bTSTC@c20001128 | |
| 905 | @dG852.1@e11@f1@b107048@f2@b156581-582 | |
| 杨式太极拳/傅燑文编著.-北京:人民体育出版社,1962.01 |
| 126页:插图;19cm |
| ISBN :CNY0.44 |
| ● |
| 相关链接 |
|
|
|
|
正题名:杨式太极拳
索取号:G852.1/11
 
预约/预借
| 序号 | 登录号 | 条形码 | 馆藏地/架位号 | 状态 | 备注 |
| 1 | 0107048 | 000992929 | 密集书库/ [索取号:G852.1/11] | 在馆 | |
| 2 | 0156581 | 000992901 | 密集书库/ [索取号:G852.1/11] | 在馆 | |
| 3 | 0156582 | 000992894 | 第一样本阅览室/ [索取号:G852.1/11] | 在馆 |